[Event "Stay Safe Play From Home 141"]
[Site "T#645952Emanuel Laske"]
[Date "2020.05.11"]
[Round "4"]
[White "UHU4"]
[Black "Dani0074SC"]
[Result "1-0"]
[WhiteElo "1572"]
[BlackElo "1645"]
[Annotator "NA RC"]
[PlyCount "37"]
[EventDate "2020.05.11"]
[EventType "swiss (blitz)"]

1. e4 {[%emt 0:00:04]} e5 {[%emt 0:00:07]} 2. Nf3 {[%emt 0:00:03]} d6 {[%emt 0:00:03]} 3. Nc3 {[%emt 0:00:01]} Nf6 {[%emt 0:00:05]} 4. Bc4 {[%emt 0:00:01]} Be7 {[%emt 0:00:04]} 5. h3 {[%emt 0:00:01]} O-O {[%emt 0:00:04]} 6. d4 {[%emt 0:00:02]} exd4 {[%emt 0:00:05]} 7. Nxd4 {[%emt 0:00:02]} c6 {[%emt 0:00:10]} 8. Be3 {[%emt 0:00:02]} Nbd7 {[%emt 0:00:07]} 9. Qf3 {[%emt 0:00:03]} Re8 {[%emt 0:00:10]} 10. O-O-O {[%emt 0:00:02]} Bf8 {[%emt 0:00:03]} 11. Bg5 {[%emt 0:00:06]} g6 {[%emt 0:00:09]} 12. h4 {[%emt 0:00:03]} Bg7 {[%emt 0:00:07]} 13. h5 {[%emt 0:00:01]} c5 {[%emt 0:00:08]} 14. Nb3 {[%emt 0:00:09]} a5 {[%emt 0:00:05]} 15. hxg6 {[%emt 0:00:02]} Ne5 {[%emt 0:00:19]} 16. gxf7+ {[%emt 0:00:06]} Nxf7 {[%emt 0:00:04]} 17. Nd5 {[%emt 0:00:09]} Be6 {[%emt 0:00:38]} 18. Bxf6 {[%emt 0:00:07]} Bxd5 {[%emt 0:00:08]} 19. Bxd8 {[%emt 0:00:02] Dani0074SC rinde (Lag: Av=2.22s, max=11.7s)} 1-0

[Event "Stay Safe Play From Home 141"]
[Site "T#645952Emanuel Laske"]
[Date "2020.05.11"]
[Round "4"]
[White "Justwatch"]
[Black "matanant"]
[Result "0-1"]
[WhiteElo "1501"]
[BlackElo "1589"]
[Annotator "NA RC"]
[PlyCount "69"]
[EventDate "2020.05.11"]
[EventType "swiss (blitz)"]

1. d4 {[%emt 0:00:01]} e6 {[%emt 0:00:03]} 2. e3 {[%emt 0:00:01]} f5 {[%emt 0:00:02]} 3. Bd3 {[%emt 0:00:02]} Nf6 {[%emt 0:00:00]} 4. Nh3 {[%emt 0:00:02]} d5 {[%emt 0:00:01]} 5. Ng5 {[%emt 0:00:02]} Bd6 {[%emt 0:00:14]} 6. Bb5+ {[%emt 0:00:07]} c6 {[%emt 0:00:02]} 7. Bd3 {[%emt 0:00:02]} O-O {[%emt 0:00:01]} 8. Nf3 {[%emt 0:00:06]} Ne4 {[%emt 0:00:03]} 9. O-O {[%emt 0:00:07]} Bd7 {[%emt 0:00:08]} 10. Ne5 {[%emt 0:00:03]} Be8 {[%emt 0:00:02]} 11. Bxe4 {[%emt 0:00:05]} fxe4 {[%emt 0:00:02]} 12. Nd2 {[%emt 0:00:00]} Qc7 {[%emt 0:00:09]} 13. Nb3 {[%emt 0:00:11]} Bxe5 {[%emt 0:00:02]} 14. dxe5 {[%emt 0:00:02]} Qxe5 {[%emt 0:00:00]} 15. Nd4 {[%emt 0:00:08]} Bh5 {[%emt 0:00:03]} 16. Qd2 {[%emt 0:00:14]} Nd7 {[%emt 0:00:06]} 17. Qb4 {[%emt 0:00:16]} Be2 {[%emt 0:00:25]} 18. Nxe2 {[%emt 0:00:05]} b6 {[%emt 0:00:05]} 19. Qe7 {[%emt 0:00:02]} Rf7 {[%emt 0:00:03]} 20. Qh4 {[%emt 0:00:03]} g5 {[%emt 0:00:05]} 21. Qg4 {[%emt 0:00:03]} Nf6 {[%emt 0:00:02]} 22. Qg3 {[%emt 0:00:05]} h5 {[%emt 0:00:02]} 23. Qxe5 {[%emt 0:00:02]} Re8 {[%emt 0:00:04]} 24. g3 {[%emt 0:00:02]} Nh7 {[%emt 0:00:09]} 25. Bd2 {[%emt 0:00:10]} Rf5 {[%emt 0:00:01]} 26. Qd6 {[%emt 0:00:05]} c5 {[%emt 0:00:07]} 27. Bc3 {[%emt 0:00:09]} Kf7 {[%emt 0:00:04]} 28. Qd7+ {[%emt 0:00:03]} Re7 {[%emt 0:00:01]} 29. Qd6 {[%emt 0:00:12]} Nf8 {[%emt 0:00:03]} 30. Rad1 {[%emt 0:00:06]} Rd7 {[%emt 0:00:13]} 31. Qc6 {[%emt 0:00:04]} Ke7 {[%emt 0:00:02]} 32. Nd4 {[%emt 0:00:07]} Rf6 {[%emt 0:00:03]} 33. Nf5+ {[%emt 0:00:06]} Kf7 {[%emt 0:00:06]} 34. Qc8 {[%emt 0:00:06]} Rxf5 {[%emt 0:00:04]} 35. Qxf8+ {[%emt 0:00:02] . Justwatch terk eder (Lag: Av=0.74s, max=1.6s)} 0-1

[Event "Stay Safe Play From Home 141"]
[Site "T#645952Emanuel Laske"]
[Date "2020.05.11"]
[Round "5"]
[White "Indianquant"]
[Black "Lamborghini"]
[Result "1-0"]
[WhiteElo "2215"]
[BlackElo "2235"]
[Annotator "TA"]
[PlyCount "77"]
[EventDate "2020.05.11"]
[EventType "swiss (blitz)"]

{[%evp 19,77,14,65,39,35,36,35,8,107,52,66,58,101,73,88,65,97,89,93,101,94,91,88,85,146,149,118,0,0,0,0,0,0,0,0,0,245,234,286,287,355,353,518,503,491,448,506,499,466,406,358,0,927,919,741,283,12839,1449,29993,29993]} 1. Nf3 Nf6 2. c4 g6 3. Nc3 Bg7 4. e4 O-O 5. d4 d6 6. Be2 e5 7. O-O Nc6 8. d5 Ne7 9. b4 Ne8 10. c5 h6 ({Black should try} 10... a5 $11) 11. Ba3 {E97: King's Indian: Classical Main Line (6...e5 7 0-0 Nc6): 8 Be3 and 8 d5 Ne7, not 9 Ne1.} f5 12. Nd2 Kh7 13. Nc4 {White is slightly better.} Ng8 (13... fxe4 $11 {remains equal.} 14. Rc1 (14. Nxe4 dxc5 15. bxc5 Qxd5 $11) 14... Nf5) 14. b5 (14. f3 $16) 14... Ngf6 {[#]} 15. exf5 $146 ({Predecessor:} 15. f3 Rg8 16. Qc2 f4 {0-1 (16) Moormann,J (2425)-Pankratov,A (2530) ICCF corr 1997}) 15... gxf5 16. Qc2 Kh8 17. Bb4 b6 18. cxd6 cxd6 19. a4 Bb7 20. Rfd1 (20. Qxf5 $2 Nxd5 21. Qb1 Nf4 $19) 20... Rc8 21. a5 Rf7 (21... Ng4 $142) 22. axb6 $16 (22. Qxf5 Rfc7 $15) 22... axb6 23. Ra7 (23. Qxf5 $16 {Ne4 is the strong threat.} Rfc7 24. Nxb6 Rxc3 25. Nxc8 Rxc8 26. Bd2) 23... Nxd5 $1 $11 24. Nxd5 Bxd5 25. Rxf7 $1 Bxf7 26. Nxd6 Nxd6 ({Much weaker is} 26... Rxc2 $6 27. Nxf7+ Kg8 28. Rxd8 $16) 27. Rxd6 Qe8 $2 (27... Rxc2 $11 {and Black has nothing to worry.} 28. Rxd8+ Kh7) 28. Qd2 $1 $18 (28. Qxf5 Rc1+ 29. Rd1 Bg6 $16) 28... f4 29. h3 Bf8 30. Rxb6 Bg7 (30... Qd8 $142) 31. Rb7 Bg6 32. Bc3 Rd8 33. Qb2 Be4 34. Rc7 Qg6 {[%csl Ge4][%cal Rg6g2]} 35. f3 $2 (35. Bg4 $18 Rd1+ 36. Kh2) 35... Bf5 $2 {[%mdl 8192]} (35... Qb6+ $11 36. Kh2 Qxc7) 36. b6 Bxh3 37. Bf1 $2 (37. g4 Bxg4 38. fxg4) 37... Bf5 $2 (37... Bxg2 38. Rxg7 {[%mdl 64] Remove Defender} (38. Bxg2 $2 Rd1+ 39. Kf2 Rb1 $19) 38... Kxg7 39. Qxg2 (39. Bxe5+ Kh7 $16) 39... Qxg2+ 40. Kxg2 Kf6) 38. b7 (38. Bxe5 $142 Bd7 39. b7 Bxe5 40. Qxe5+ {[%mdl 64] Double Attack} Qg7 {[#]} 41. Qd6 $1 {[%mdl 512]} Kh7 42. Bd3+ Kh8 43. Rxd7 $1 {[%mdl 576] Promotion}) 38... e4 39. Rxg7 {Accuracy: White = 63%, Black = 45%.} 1-0

[Event "Stay Safe Play From Home 141"]
[Site "T#645952Emanuel Laske"]
[Date "2020.05.11"]
[Round "5"]
[White "Lazieri3"]
[Black "Schachidiot"]
[Result "1-0"]
[WhiteElo "2091"]
[BlackElo "1928"]
[Annotator "TA"]
[PlyCount "79"]
[EventDate "2020.05.11"]
[EventType "swiss (blitz)"]

{[%evp 9,79,57,187,29,69,-1,87,6,3,1,9,-13,-15,-77,-70,-77,-56,-88,0,0,-12,0,0,0,0,4,84,84,84,84,85,89,93,20,101,60,166,157,146,139,221,89,294,285,296,280,410,311,545,554,560,542,497,445,718,726,634,595,1166,1156,883,712,2236,1956,5277,4287,6039,5807,4133,2005,1883,1460]} 1. e4 d6 2. Nc3 Nf6 3. Nf3 c6 4. d4 b5 5. a3 Nbd7 {[#]} (5... e6 $14) 6. Bg5 $146 {B07: Pirc Defence: Miscellaneous Systems.} ({White must play} 6. e5 $18) ({Predecessor:} 6. Be2 g6 7. O-O Bg7 8. h3 Nb6 9. Bf4 O-O 10. Qd2 Be6 11. Rad1 a5 12. Bd3 {0-1 (30) Vlahakis,N (1411)-Agnantis,A (1700) Chalkida 2009}) 6... e5 7. dxe5 ({White should play} 7. Bxf6 $14 Qxf6 8. d5) 7... Nxe5 (7... dxe5 $11 8. Be2 Qc7) 8. Nxe5 (8. Nd4 $16) 8... dxe5 $11 9. Qxd8+ Kxd8 10. Bxf6+ gxf6 11. O-O-O+ (11. a4 $11) 11... Kc7 $17 12. Be2 Be6 13. h3 b4 (13... a5 $17) 14. axb4 $11 Bxb4 15. Na4 Rhd8 16. Bg4 Rxd1+ 17. Rxd1 Rd8 (17... Rg8 $11 {remains equal.}) 18. Rxd8 $16 Kxd8 19. Bxe6 fxe6 {[%mdl 4096] Endgame KB-KN} 20. c3 Bf8 21. b4 ({Better is} 21. g3 $16) 21... f5 (21... Kc7 $11) 22. f3 Bh6+ ({Black should try} 22... c5 $14) 23. Kc2 $18 Be3 24. Kd3 f4 (24... Bf2 $16 {was worth a try.}) 25. Nb2 (25. g4 $18 {is more deadly.}) 25... Kc7 $2 {Black cannot hold the game after this.} (25... Bb6 $16) 26. Nc4 Bg1 27. Nxe5 Kb6 (27... Kd6 $142) 28. Kc4 Bf2 $2 (28... Kc7 29. h4 Kd6) 29. Nd7+ {White is clearly winning.} Kc7 30. Nf8 Kd6 31. Nxh7 Ke5 (31... Bh4 $142 32. Nf8 e5) 32. Nf8 Kf6 33. Nd7+ Kg5 34. Ne5 Kh4 35. Ng6+ Kg3 36. h4 Kxg2 37. h5 Kxf3 38. h6 Kxe4 {[#]} 39. Nxf4 $1 {[%mdl 512]} Bg3 (39... Kxf4 40. h7) 40. h7 {Accuracy: White = 51%, Black = 31%.} 1-0

[Event "Stay Safe Play From Home 141"]
[Site "T#645952Emanuel Laske"]
[Date "2020.05.11"]
[Round "5"]
[White "Haris kollari 13"]
[Black "Little champs"]
[Result "*"]
[WhiteElo "1903"]
[BlackElo "2203"]
[Annotator "TA"]
[PlyCount "93"]
[EventDate "2020.05.11"]
[EventType "swiss (blitz)"]

{[%evp 12,93,0,-30,7,-7,0,-4,16,20,25,9,114,0,5,-14,49,-90,-81,-85,-77,-85,-65,-74,-71,-59,-53,-62,-27,-131,-56,-113,-29,-39,-35,-40,94,6,34,-98,-99,-97,41,17,10,-8,52,-18,-25,0,0,0,0,-62,0,0,0,0,0,-61,-50,-32,-30,-442,293,300,680,663,1136,0,0,0,0,-12,-13,-11,119,-110,-10,-108,-14,-19,-28,-54]} 1. e4 d6 2. Nf3 Nf6 3. Nc3 e5 4. Bc4 Be7 5. d3 O-O 6. h3 c6 7. Bg5 Be6 {C27: Vienna Game: 2...Nf6 3 Bc4 Nxe4.} 8. Bb3 {[#]} h6 $146 ({Predecessor:} 8... Bxb3 9. axb3 Nbd7 10. O-O Qc7 11. Re1 h6 12. Be3 b6 13. Qd2 d5 14. exd5 Nxd5 15. Nxd5 cxd5 {1-0 (46) Ajeti,N-Giugno,C Stuttgart 2004}) 9. Bh4 Nfd7 {The position is equal.} 10. Bxe7 Qxe7 11. Qd2 f5 (11... c5 $11) 12. exf5 (12. Nh4 $1 $16) 12... Rxf5 13. O-O-O Na6 (13... Bxb3 $11 14. axb3 Na6) 14. Ne4 (14. Bxe6+ $14 {keeps the upper hand.} Qxe6 15. Rhe1) 14... Bxb3 $17 15. axb3 d5 16. Ng3 Rf6 17. Kb1 Raf8 18. Rhe1 Qd6 19. Qe3 Re6 20. Nd2 (20. Qxa7 $11 {remains equal.} Qb4 21. Nd4) 20... b6 (20... c5 $17 21. Nf3 Nb4) 21. f3 (21. Nf3 $15) 21... Rfe8 (21... Nc7 $17 22. Qf2 a5) 22. Nf5 $11 Qf8 23. g4 Rf6 (23... c5 $15) 24. d4 (24. f4 $16) 24... Rfe6 25. Qd3 (25. f4 $14 g6 26. dxe5 gxf5 27. gxf5 Qxf5 28. Nf3) 25... Nb4 $17 26. Qf1 e4 (26... g6 $17 27. Qg1 Kh8) 27. fxe4 dxe4 28. Ne3 Rf6 (28... b5 $11) 29. Qe2 (29. Qg1 $14) 29... Rf2 $36 {[%mdl 2048] Black has some pressure.} 30. Qc4+ Kh8 31. Rf1 a5 32. Nf5 ({White should try} 32. Qc3 $11) 32... Rxf1 ({Black should play} 32... e3 $15 33. Rxf2 exf2) 33. Rxf1 $11 b5 34. Qe2 {Strongly threatening g5.} Nf6 $1 35. h4 (35. Ne3 $11) 35... e3 $1 $15 {[%cal Re3d2]} 36. Nf3 $1 {[%cal Rf3e5] Black must now prevent Ne5.} ({But not} 36. Nxe3 $2 Nbd5 $19) 36... Nxg4 37. Ng5 $2 {[%mdl 8192] [#]} (37. Ne1 $1 $11 h5 38. Ng3) 37... Nf2 $4 {[%mdl 8192]} ({Stronger than} 37... hxg5 38. hxg5 g6 39. Nh4 $11) (37... Nh2 $1 $19 {[%cal Rh2f1][%mdl 512] avoids the disaster.} 38. Qh5 (38. Qxh2 e2) 38... Re7 {[%mdl 64] Back Rank}) 38. Nxe3 $18 Qf4 $2 (38... Re7) 39. Rxf2 Qxd4 40. c3 $2 (40. Ng4 $18 {[%cal Re2e8]} Qd7 41. Ne5 hxg5 42. hxg5) 40... Qd3+ $11 41. Qxd3 $1 Nxd3 42. Rf3 {And now Nf7+ would win.} hxg5 43. hxg5 b4 (43... Kh7 $11 {keeps the balance.}) 44. c4 $2 {[#]} (44. Nc4 $16 {keeps the pressure on.} Ne1 45. Rh3+ Kg8 46. Kc1 (46. Nxa5 Rd8 $16)) 44... Ne5 (44... Kh7 $1 $17) 45. Rh3+ Kg8 46. Nf5 $1 Rf8 47. Ne7+ {Accuracy: White = 51%, Black = 39%.} *

[Event "Stay Safe Play From Home 141"]
[Site "T#645952Emanuel Laske"]
[Date "2020.05.11"]
[Round "5"]
[White "Lucknow"]
[Black "UHU4"]
[Result "1-0"]
[WhiteElo "1827"]
[BlackElo "1593"]
[Annotator "NA"]
[PlyCount "101"]
[EventDate "2020.05.11"]
[EventType "swiss (blitz)"]

1. d4 {[%emt 0:00:02]} d5 {[%emt 0:00:02]} 2. c4 {[%emt 0:00:01]} e5 {[%emt 0:00:01]} 3. dxe5 {[%emt 0:00:02]} d4 {[%emt 0:00:01]} 4. Nf3 {[%emt 0:00:00]} c5 {[%emt 0:00:02]} 5. g3 {[%emt 0:00:04]} Nc6 {[%emt 0:00:02]} 6. Bg2 {[%emt 0:00:01]} f6 {[%emt 0:00:02]} 7. exf6 {[%emt 0:00:02]} Nxf6 {[%emt 0:00:01]} 8. O-O {[%emt 0:00:00]} Bd6 {[%emt 0:00:03]} 9. a3 {[%emt 0:00:05]} O-O {[%emt 0:00:03]} 10. b4 {[%emt 0:00:06]} b6 {[%emt 0:00:02]} 11. Bb2 {[%emt 0:00:12]} Bg4 {[%emt 0:00:08]} 12. Nbd2 {[%emt 0:00:03]} Rc8 {[%emt 0:00:01]} 13. b5 {[%emt 0:00:09]} Ne5 {[%emt 0:00:03]} 14. Nxe5 {[%emt 0:00:01]} Bxe5 {[%emt 0:00:02]} 15. Nf3 {[%emt 0:00:01]} Bb8 {[%emt 0:00:04]} 16. Qd3 {[%emt 0:00:06]} Qe7 {[%emt 0:00:10]} 17. Rae1 {[%emt 0:00:03]} Rfe8 {[%emt 0:00:02]} 18. Bc1 {[%emt 0:00:08]} Qd7 {[%emt 0:00:03]} 19. Bg5 {[%emt 0:00:05]} Ne4 {[%emt 0:00:07]} 20. Bd2 {[%emt 0:00:12]} Bh3 {[%emt 0:00:04]} 21. Bxh3 {[%emt 0:00:19]} Qxh3 {[%emt 0:00:02]} 22. Ng5 {[%emt 0:00:00]} Nxg5 {[%emt 0:00:05]} 23. Bxg5 {[%emt 0:00:01]} Re5 {[%emt 0:00:08]} 24. f4 {[%emt 0:00:20]} Re3 {[%emt 0:00:02]} 25. Qc2 {[%emt 0:00:12]} Rce8 {[%emt 0:00:17]} 26. Rf2 {[%emt 0:00:19]} d3 {[%emt 0:00:08]} 27. Qd2 {[%emt 0:00:06]} Qe6 {[%emt 0:00:07]} 28. f5 {[%emt 0:00:03]} Rxe2 {[%emt 0:00:11]} 29. fxe6 {[%emt 0:00:01]} Rxd2 {[%emt 0:00:02]} 30. Rxd2 {[%emt 0:00:01]} h6 {[%emt 0:00:09]} 31. Bf4 {[%emt 0:00:01]} Bxf4 {[%emt 0:00:02]} 32. gxf4 {[%emt 0:00:00]} Kf8 {[%emt 0:00:01]} 33. Re3 {[%emt 0:00:01]} Ke7 {[%emt 0:00:03]} 34. Rdxd3 {[%emt 0:00:00]} Kf6 {[%emt 0:00:01]} 35. Rd5 {[%emt 0:00:01]} g6 {[%emt 0:00:01]} 36. Re4 {[%emt 0:00:02]} Re7 {[%emt 0:00:01]} 37. Kg2 {[%emt 0:00:01]} g5 {[%emt 0:00:02]} 38. Kf3 {[%emt 0:00:00]} Rxe6 {[%emt 0:00:03]} 39. Rxe6+ {[%emt 0:00:01]} Kxe6 {[%emt 0:00:00]} 40. f5+ {[%emt 0:00:00]} Kf6 {[%emt 0:00:01]} 41. Kg4 {[%emt 0:00:00]} Kf7 {[%emt 0:00:03]} 42. Kh5 {[%emt 0:00:02]} Kg7 {[%emt 0:00:01]} 43. Rd7+ {[%emt 0:00:01]} Kf8 {[%emt 0:00:02]} 44. Rxa7 {[%emt 0:00:01]} g4 {[%emt 0:00:01]} 45. Kxh6 {[%emt 0:00:01]} g3 {[%emt 0:00:01]} 46. hxg3 {[%emt 0:00:00]} Ke8 {[%emt 0:00:03]} 47. Kg6 {[%emt 0:00:00]} Kd8 {[%emt 0:00:01]} 48. f6 {[%emt 0:00:00]} Kc8 {[%emt 0:00:00]} 49. f7 {[%emt 0:00:00]} Kb8 {[%emt 0:00:00]} 50. Re7 {[%emt 0:00:01]} Kc8 {[%emt 0:00:02]} 51. f8=Q# {[%emt 0:00:00] (Lag: Av=0.74s, max=1.2s)} 1-0

[Event "Stay Safe Play From Home 141"]
[Site "T#645952Emanuel Laske"]
[Date "2020.05.11"]
[Round "5"]
[White "Patzeroglu"]
[Black "Edmatuag"]
[Result "1-0"]
[WhiteElo "1786"]
[BlackElo "1759"]
[Annotator "NA"]
[PlyCount "47"]
[EventDate "2020.05.11"]
[EventType "swiss (blitz)"]

1. e4 {[%emt 0:00:05]} c5 {[%emt 0:00:02]} 2. Nf3 {[%emt 0:00:22]} d6 {[%emt 0:00:02]} 3. d4 {[%emt 0:00:21]} cxd4 {[%emt 0:00:00]} 4. Nxd4 {[%emt 0:00:00]} Nf6 {[%emt 0:00:01]} 5. Nc3 {[%emt 0:00:01]} a6 {[%emt 0:00:01]} 6. Bc4 {[%emt 0:00:01]} e6 {[%emt 0:00:01]} 7. Bb3 {[%emt 0:00:01]} b5 {[%emt 0:00:04]} 8. Be3 {[%emt 0:00:00]} Bb7 {[%emt 0:00:04]} 9. f3 {[%emt 0:00:13]} d5 {[%emt 0:00:05]} 10. exd5 {[%emt 0:00:05]} Nxd5 {[%emt 0:00:01]} 11. Bxd5 {[%emt 0:00:06]} Bxd5 {[%emt 0:00:01]} 12. O-O {[%emt 0:00:05]} Be7 {[%emt 0:00:15]} 13. Nf5 {[%emt 0:00:09]} Bf6 {[%emt 0:00:44]} 14. Nxd5 {[%emt 0:00:04]} Qxd5 {[%emt 0:00:05]} 15. Nd6+ {[%emt 0:00:20]} Kf8 {[%emt 0:00:22]} 16. Qxd5 {[%emt 0:00:04]} exd5 {[%emt 0:00:01]} 17. c3 {[%emt 0:00:02]} Nd7 {[%emt 0:00:13]} 18. Rfd1 {[%emt 0:00:04]} d4 {[%emt 0:00:36]} 19. Bxd4 {[%emt 0:00:03]} Bxd4+ {[%emt 0:00:01]} 20. Rxd4 {[%emt 0:00:00]} Nf6 {[%emt 0:00:03]} 21. a4 {[%emt 0:00:01]} Ke7 {[%emt 0:00:08]} 22. Nf5+ {[%emt 0:00:06]} Kf8 {[%emt 0:00:05]} 23. g4 {[%emt 0:00:00]} g6 {[%emt 0:00:01]} 24. Nd6 {[%emt 0:00:02] Time (Lag: Av=1.13s, max=3.2s)} 1-0

[Event "Stay Safe Play From Home 141"]
[Site "T#645952Emanuel Laske"]
[Date "2020.05.11"]
[Round "5"]
[White "matanant"]
[Black "Chase the sun"]
[Result "0-1"]
[WhiteElo "1602"]
[BlackElo "1883"]
[Annotator "NA"]
[PlyCount "76"]
[EventDate "2020.05.11"]
[EventType "swiss (blitz)"]

1. e4 {[%emt 0:00:03]} e6 {[%emt 0:00:01]} 2. d4 {[%emt 0:00:01]} d5 {[%emt 0:00:01]} 3. Nd2 {[%emt 0:00:02]} Nf6 {[%emt 0:00:01]} 4. e5 {[%emt 0:00:01]} Nfd7 {[%emt 0:00:01]} 5. f4 {[%emt 0:00:00]} c5 {[%emt 0:00:00]} 6. c3 {[%emt 0:00:01]} Nc6 {[%emt 0:00:01]} 7. Ndf3 {[%emt 0:00:01]} Qb6 {[%emt 0:00:01]} 8. a3 {[%emt 0:00:06]} Be7 {[%emt 0:00:02]} 9. b4 {[%emt 0:00:01]} cxd4 {[%emt 0:00:01]} 10. cxd4 {[%emt 0:00:01]} O-O {[%emt 0:00:01]} 11. Be3 {[%emt 0:00:03]} f6 {[%emt 0:00:02]} 12. Qd2 {[%emt 0:00:04]} g5 {[%emt 0:00:19]} 13. exf6 {[%emt 0:00:11]} Nxf6 {[%emt 0:00:04]} 14. fxg5 {[%emt 0:00:03]} Ne4 {[%emt 0:00:01]} 15. Qd3 {[%emt 0:00:14]} Bd7 {[%emt 0:00:06]} 16. Ne2 {[%emt 0:00:15]} Rxf3 {[%emt 0:00:06]} 17. gxf3 {[%emt 0:00:02]} Nxg5 {[%emt 0:00:01]} 18. Bg2 {[%emt 0:00:04]} Rf8 {[%emt 0:00:10]} 19. O-O {[%emt 0:00:03]} Kh8 {[%emt 0:00:06]} 20. Qd2 {[%emt 0:00:02]} Nf7 {[%emt 0:00:05]} 21. Nf4 {[%emt 0:00:10]} Rg8 {[%emt 0:00:06]} 22. Nh5 {[%emt 0:00:08]} Ng5 {[%emt 0:00:13]} 23. Kh1 {[%emt 0:00:05]} Be8 {[%emt 0:00:05]} 24. Nf4 {[%emt 0:00:05]} Qc7 {[%emt 0:00:09]} 25. Nh3 {[%emt 0:00:03]} Qd8 {[%emt 0:00:08]} 26. Nxg5 {[%emt 0:00:17]} Bxg5 {[%emt 0:00:00]} 27. Bh3 {[%emt 0:00:02]} Qf6 {[%emt 0:00:08]} 28. f4 {[%emt 0:00:20]} Bh4 {[%emt 0:00:09]} 29. Rg1 {[%emt 0:00:03]} Bh5 {[%emt 0:00:05]} 30. Rxg8+ {[%emt 0:00:03]} Kxg8 {[%emt 0:00:01]} 31. Rg1+ {[%emt 0:00:01]} Kf8 {[%emt 0:00:01]} 32. Bf2 {[%emt 0:00:03]} Bf3+ {[%emt 0:00:10]} 33. Bg2 {[%emt 0:00:01]} Bxf2 {[%emt 0:00:13]} 34. Qxf2 {[%emt 0:00:02]} Bh5 {[%emt 0:00:06]} 35. Bh3 {[%emt 0:00:07]} Nxd4 {[%emt 0:00:02]} 36. Rg5 {[%emt 0:00:04]} Nf3 {[%emt 0:00:03]} 37. Rxh5 {[%emt 0:00:03]} Qa1+ {[%emt 0:00:03]} 38. Kg2 {[%emt 0:00:01]} Ne1+ {[%emt 0:00:01] Time (Lag: Av=0.72s, max=1.1s)} 0-1

[Event "Stay Safe Play From Home 141"]
[Site "T#645952Emanuel Laske"]
[Date "2020.05.11"]
[Round "5"]
[White "MartiMitjaNunez"]
[Black "Timbre"]
[Result "0-1"]
[WhiteElo "1415"]
[BlackElo "1586"]
[Annotator "NA RC"]
[PlyCount "44"]
[EventDate "2020.05.11"]
[EventType "swiss (blitz)"]

1. e3 {[%emt 0:00:04]} d5 {[%emt 0:00:07]} 2. Nc3 {[%emt 0:00:05]} c6 {[%emt 0:00:01]} 3. e4 {[%emt 0:00:07]} dxe4 {[%emt 0:00:02]} 4. Nxe4 {[%emt 0:00:03]} Bf5 {[%emt 0:00:01]} 5. Qf3 {[%emt 0:00:04]} Bxe4 {[%emt 0:00:02]} 6. Qxe4 {[%emt 0:00:02]} Nf6 {[%emt 0:00:01]} 7. Qf3 {[%emt 0:00:06]} e6 {[%emt 0:00:01]} 8. d3 {[%emt 0:00:11]} Nbd7 {[%emt 0:00:01]} 9. Bg5 {[%emt 0:00:06]} Be7 {[%emt 0:00:02]} 10. Bxf6 {[%emt 0:00:05]} Nxf6 {[%emt 0:00:02]} 11. Nh3 {[%emt 0:00:10]} h6 {[%emt 0:00:03]} 12. O-O-O {[%emt 0:00:06]} Qa5 {[%emt 0:00:04]} 13. c3 {[%emt 0:00:04]} Qxa2 {[%emt 0:00:06]} 14. b4 {[%emt 0:00:10]} Qa3+ {[%emt 0:00:06]} 15. Kc2 {[%emt 0:00:12]} Nd5 {[%emt 0:00:02]} 16. c4 {[%emt 0:00:10]} Nxb4+ {[%emt 0:00:07]} 17. Kd2 {[%emt 0:00:08]} Bf6 {[%emt 0:00:03]} 18. Ke2 {[%emt 0:00:14]} O-O-O {[%emt 0:00:07]} 19. Ng1 {[%emt 0:00:12]} Qb2+ {[%emt 0:00:02]} 20. Rd2 {[%emt 0:00:06]} Qe5+ {[%emt 0:00:07]} 21. Kd1 {[%emt 0:00:12]} Bg5 {[%emt 0:00:05]} 22. Re2 {[%emt 0:00:10]} Qa1# {[%emt 0:00:07] (Lag: Av=1.03s, max=1.6s)} 0-1

[Event "Stay Safe Play From Home 141"]
[Site "T#645952Emanuel Laske"]
[Date "2020.05.11"]
[Round "5"]
[White "Mandy"]
[Black "Spouyu"]
[Result "0-1"]
[WhiteElo "966"]
[BlackElo "1759"]
[Annotator "NA RC"]
[PlyCount "46"]
[EventDate "2020.05.11"]
[EventType "swiss (blitz)"]

1. d4 {[%emt 0:00:04]} Nf6 {[%emt 0:00:02]} 2. Bf4 {[%emt 0:00:01]} e6 {[%emt 0:00:01]} 3. e3 {[%emt 0:00:01]} c5 {[%emt 0:00:01]} 4. c3 {[%emt 0:00:03]} b6 {[%emt 0:00:02]} 5. Nf3 {[%emt 0:00:01]} Bb7 {[%emt 0:00:01]} 6. Be2 {[%emt 0:00:04]} Be7 {[%emt 0:00:01]} 7. Nbd2 {[%emt 0:00:01]} O-O {[%emt 0:00:01]} 8. O-O {[%emt 0:00:02]} Nc6 {[%emt 0:00:01]} 9. Qc2 {[%emt 0:00:02]} Rc8 {[%emt 0:00:04]} 10. Rad1 {[%emt 0:00:03]} cxd4 {[%emt 0:00:02]} 11. cxd4 {[%emt 0:00:09]} Nxd4 {[%emt 0:00:05]} 12. Nxd4 {[%emt 0:00:03]} Rxc2 {[%emt 0:00:02]} 13. Nxc2 {[%emt 0:00:12]} Nd5 {[%emt 0:00:09]} 14. Bg3 {[%emt 0:00:12]} Bf6 {[%emt 0:00:08]} 15. b3 {[%emt 0:00:09]} d6 {[%emt 0:00:01]} 16. e4 {[%emt 0:00:09]} Nc3 {[%emt 0:00:01]} 17. Rde1 {[%emt 0:00:15]} Nxe2+ {[%emt 0:00:04]} 18. Rxe2 {[%emt 0:00:05]} Qc7 {[%emt 0:00:01]} 19. Ne3 {[%emt 0:00:11]} Be5 {[%emt 0:00:12]} 20. f3 {[%emt 0:00:25]} Bxg3 {[%emt 0:00:04]} 21. hxg3 {[%emt 0:00:09]} Qc5 {[%emt 0:00:01]} 22. Ndc4 {[%emt 0:00:09]} d5 {[%emt 0:00:04]} 23. b4 {[%emt 0:00:21]} Qxb4 {[%emt 0:00:05] Zeit (Lag: Av=0.59s, max=2.1s)} 0-1